Responses for Show #7513 - Wednesday, April 19, 2017

Contestants

[<< previous game]

Diana Ascher, a finance system manager from Englewood, New Jersey

Emmett Robinson, an attorney from Greenwich, Ohio

Jamie Newland, a loan coordinator from Chicago, Illinois (whose 2-day cash winnings total $29,899)

[next game >>]

Jeopardy! Round responses

REAL-LIFE PEOPLE IN SHAKESPEARE'S PLAYS
SOCIETY
SAME FIRST, MIDDLE & LAST LETTER
POTLUCK
1930s AMERICA
SATURDAY NIGHT LIVE
    $200 23
a matriarchy

Emmett
    $200 6
a pop-up

Jamie
    $200 11
brown

Jamie
    $200 1
Amy Poehler

Jamie
    $400 18
(Emmett: What is Scotland?)

Wales

JamieEmmett
    $400 24
(Alex: With less than a minute now.)

a sect (or a cult)

Diana
    $400 7
(Emmett: What is marijuana?)

hashish

JamieEmmett
    $400 12
the fourth

Jamie
    $400 20
United Auto Workers (UAW)

Emmett
    $400 2
Dana Carvey

Diana
    $600 17
(Diana: Who is Mark Antony?)

Cassius

Diana
Triple Stumper
    $600 25
(Emmett: What are mores?)

etiquette

Emmett
Triple Stumper
    $600 8
treatment

Triple Stumper
    $600 13
Prince Edward Island

Emmett
    $600 19
"God Bless America"

Diana
    $600 3
"Black Jeopardy!"

Jamie
    $800 27
the Tower of London

Jamie
    $800 26
a status symbol

Jamie
    $800 9
Alfalfa

Diana
    $800 14
Meryl Streep

Diana
    $800 16
"Wrong Way" Corrigan

Diana
    $800 4
down by the river

Jamie
    $1000 28
[The end-of-round signal sounds.]

Henry V

Emmett
    $1000 22
the elite

Jamie
    $1000 10
entente

Emmett
    $1000 15
(Alex: The birthplace of Abraham Lincoln.)

Kentucky

Emmett
    $2,200 21
Princeton

Emmett
    $1000 5
Debbie Downer

Jamie

Scores at the first commercial break (after clue 15):

Jamie Emmett Diana
$3,800 $2,200 $2,000

Scores at the end of the Jeopardy! Round:

Jamie Emmett Diana
$6,800 $5,000 $3,200

Double Jeopardy! Round responses

3-NAMED AUTHORS
(Alex: You can get by by giving us the last name only. You don't have to give all three.)
FISH
NUMBER, PLEASE
THAT'S SHOW BIZ, "BOY"
THE COMMONWEALTH
OF PENCIL MANIA
    $400 11
(Louisa May) Alcott

Jamie
    $400 6
(Diana: What is five?)

seven

EmmettDiana
    $400 5
Boy George

Jamie
    $400 26
Queen Elizabeth II

Emmett
    $400 24
(Alex: With less than a minute to go.)

a pencil sharpener

Diana
    $800 8
(Alex: He created Tarzan.)

Edgar Rice Burroughs

Diana
    $800 7
four

Diana
    $800 4
Boy Meets World

Emmett
    $800 27
(Emmett: What is Zimbabwe?)
(Jamie: What is Zaire?)

Zambia

JamieEmmett
Triple Stumper
    $800 23
Benjamin Franklin

Jamie
    $3,000 9
(Sir Arthur Conan) Doyle

Diana
    $1200 28
[The end-of-round signal sounds.]

salmon

Jamie
    $1200 14
five

Diana
    $1200 3
About a Boy

Jamie
    $1200 20
(Diana: What is bocce?)

lawn bowls

Diana
Triple Stumper
    $3,000 10
(Alex: Dixon [*] pencils, yes.)

Ticonderoga

Diana
    $1600 12
Gabriel GarcĂ­a Marquez

Triple Stumper
    $1600 22
(Jamie: What is a grouper?)
(Emmett: What is a tuna?)
(Diana: What is a flounder?)

halibut

JamieEmmettDiana
Triple Stumper
    $1600 16
1,760

Emmett
    $1600 1
(Jamie: What is "Country Boy"?)
(Alex: Be more specific.)
(Jamie: What is"Take Me Home, Country Boy"?)

"Thank God I'm A Country Boy"

JamieEmmett
    $1600 19
(Emmett: What are mandates?)

dominions

Emmett
Triple Stumper
    $1600 13
Armand Hammer

Triple Stumper
    $2000 15
(Jonathan Safran) Foer

Diana
    $2000 21
filter feeders

Jamie
    $2000 17
eight

Emmett
    $2000 2
Loverboy

Diana
    $2000 18
Guyana

Emmett
    $2000 25
(Alex: [holding up a pencil] The wood is [*].)

cedar

Triple Stumper

Scores at the end of the Double Jeopardy! Round:

Jamie Emmett Diana
$8,800 $9,800 $13,200

[wagering suggestions for these scores]

Final Jeopardy! Round responses

HISTORIC U.S. LAWS
(Alex: [To Jamie] It is an anti-trust law, but we needed the name of the law.)
(Alex: [To Emmett] Who did you say hi to?)
(Emmett: Zeke, my nephew.)
JamieWhat is the Anti-Trust Law?
$8,000
EmmettWhat is the Sherman Anti-Trust Act? Hi Zeke!
$7,801
DianaWhat is conflict of interest
$6,401
the Sherman Anti-Trust Act

Final scores:

Jamie Emmett Diana
$800 $17,601 $6,799
3rd place: $1,000 New champion: $17,601 2nd place: $2,000

Game dynamics:

Coryat scores:

Jamie Emmett Diana
$8,800 $8,600 $9,600
18 R,
3 W
14 R
(including 1 DD),
6 W
14 R
(including 2 DDs),
4 W

Combined Coryat: $27,000

[game clues] [game scores] [suggest correction]

Game tape date: Unknown
The J! Archive is created by fans, for fans. Scraping, republication, monetization, and malicious use prohibited; this site may use cookies and collect identifying information. See terms. The Jeopardy! game show and all elements thereof, including but not limited to copyright and trademark thereto, are the property of Jeopardy Productions, Inc. and are protected under law. This website is not affiliated with, sponsored by, or operated by Jeopardy Productions, Inc. Join the discussion at JBoard.tv.